[Event "Paracin 2018"]
[Site "Paracin, Hotel Petrus"]
[Date "2018.07.10"]
[Round "6.49"]
[White "Sevgi, Volkan"]
[Black "Mar, Karmen"]
[Result "1-0"]
[WhiteElo "2277"]
[BlackElo "2130"]
[PlyCount "111"]
[EventDate "2018.07.06"]

1. e4 c5 2. Nc3 Nc6 3. g3 g6 4. Bg2 Bg7 5. d3 d6 6. Be3 b6 7. Qd2 Bb7 8. f4 Qd7
9. Nf3 Nd4 10. O-O Nh6 11. Bxd4 cxd4 12. Ne2 Qb5 13. a4 Qc5 14. b4 Qc8 15.
Nexd4 O-O 16. c3 a6 17. Kh1 e6 18. Rac1 Ng4 19. h3 Nf6 20. Ne2 Qc7 21. c4 Nd7
22. Nc3 Rac8 23. Rfe1 e5 24. f5 Nf6 25. g4 h6 26. Ne2 Kh7 27. Ng3 g5 28. h4
gxh4 29. Nxh4 Nxg4 30. Qe2 Nf6 31. Bf3 Qe7 32. Qh2 Rh8 33. Rg1 Kg8 34. Nh5 Nxh5
35. f6 Nxf6 36. Nf5 Qc7 37. Rxg7+ Kf8 38. Rcg1 h5 39. Qh4 Qd8 40. b5 Rc7 41.
R1g2 Bc8 42. R7g5 Ke8 43. Ne3 Be6 44. Nd5 Bxd5 45. exd5 axb5 46. axb5 Ra7 47.
d4 Re7 48. dxe5 Rxe5 49. Rxe5+ dxe5 50. Rg5 Qd6 51. Rf5 Ke7 52. Qg5 h4 53.
Rxe5+ Kd7 54. Rf5 Ke7 55. Rxf6 Rg8 56. Re6+ 1-0

[Event "Paracin 2018"]
[Site "Paracin, Hotel Petrus"]
[Date "2018.07.10"]
[Round "6.50"]
[White "Cvetkovic, Srdjan"]
[Black "Tarun, V Kanth"]
[Result "1-0"]
[WhiteElo "2262"]
[BlackElo "2086"]
[PlyCount "65"]
[EventDate "2018.07.06"]

1. c4 e6 2. Nf3 Nf6 3. b3 d5 4. Bb2 Be7 5. e3 O-O 6. d4 b6 7. Nbd2 Bb7 8. Be2
Nbd7 9. O-O c5 10. Ne5 Nxe5 11. dxe5 Nd7 12. f4 Qc7 13. Bd3 Rfd8 14. Qc2 Nf8
15. Rad1 a6 16. cxd5 exd5 17. f5 Bg5 18. Rde1 c4 19. Nf3 Bh6 20. Bd4 Rac8 21.
Be2 b5 22. b4 a5 23. a3 Ra8 24. g4 g6 25. e6 fxe6 26. g5 Bxg5 27. Nxg5 exf5 28.
Bf3 axb4 29. axb4 Qe7 30. Qg2 Qxb4 31. Rb1 Qa5 32. Qg3 Re8 33. Nxh7 1-0

[Event "Paracin 2018"]
[Site "Paracin, Hotel Petrus"]
[Date "2018.07.10"]
[Round "6.51"]
[White "Jovanovic, Sasa T"]
[Black "Srdanovic, Jovana"]
[Result "1/2-1/2"]
[WhiteElo "2258"]
[BlackElo "2064"]
[PlyCount "71"]
[EventDate "2018.07.06"]

1. Nf3 d5 2. g3 Nf6 3. Bg2 Bf5 4. O-O e6 5. d3 c6 6. c4 h6 7. Qb3 Qb6 8. Be3
Qa6 9. Nc3 Nbd7 10. cxd5 exd5 11. Rfc1 Be7 12. Nd4 Bh7 13. Bh3 O-O 14. Nf5 Bxf5
15. Bxf5 Nc5 16. Qd1 Ne6 17. d4 Qb6 18. Rab1 Nd7 19. b4 a6 20. Na4 Qc7 21. Qd3
Bf6 22. Nc5 Ndxc5 23. bxc5 Rfe8 24. Rb3 Bg5 25. Bxg5 hxg5 26. Bxe6 Rxe6 27.
Rcb1 Rb8 28. e3 Rh6 29. Qf5 Rh5 30. Rb6 a5 31. a4 g6 32. Qg4 f5 33. Qf3 Kg7 34.
R1b2 Qd7 35. Rb1 Qc7 36. R1b2 1/2-1/2

[Event "Paracin 2018"]
[Site "Paracin, Hotel Petrus"]
[Date "2018.07.10"]
[Round "6.52"]
[White "Ninov, Dayan"]
[Black "Zhukov, Anton"]
[Result "1-0"]
[WhiteElo "2229"]
[BlackElo "2046"]
[PlyCount "109"]
[EventDate "2018.07.06"]

1. e4 c6 2. Ne2 d5 3. e5 c5 4. d4 Nc6 5. f4 Bg4 6. dxc5 e6 7. Be3 Nge7 8. h3
Bxe2 9. Bxe2 Nf5 10. Bf2 Qa5+ 11. Qd2 Bxc5 12. Qxa5 Bxf2+ 13. Kxf2 Nxa5 14. c3
Nc6 15. g4 Nfe7 16. Nd2 f6 17. exf6 gxf6 18. Nf3 e5 19. Bb5 O-O 20. Rad1 Rad8
21. Kg3 Ng6 22. fxe5 fxe5 23. Rhf1 Rf4 24. Ng5 Rd6 25. Rxf4 Nxf4 26. Nf3 Ng6
27. h4 e4 28. Nd4 Rf6 29. g5 Rf8 30. Nxc6 Rf3+ 31. Kh2 bxc6 32. Bxc6 Ne7 33.
Bxd5+ Nxd5 34. Rxd5 Rf2+ 35. Kg3 Rxb2 36. Rd8+ Kg7 37. Rd7+ Kg6 38. Rxa7 Rc2
39. Ra6+ Kf5 40. Ra5+ Kg6 41. Kg4 Rxc3 42. h5+ Kg7 43. Ra7+ Kg8 44. Ra8+ Kg7
45. h6+ Kf7 46. Ra7+ Kg8 47. Ra8+ Kf7 48. Rh8 e3 49. Rxh7+ Kf8 50. Kf3 Ra3 51.
g6 e2+ 52. Kxe2 Kg8 53. Rg7+ Kh8 54. Rf7 Ra8 55. g7+ 1-0

[Event "Paracin 2018"]
[Site "Paracin, Hotel Petrus"]
[Date "2018.07.10"]
[Round "6.53"]
[White "Petrov, Georgi"]
[Black "Rakshitta, Ravi"]
[Result "1/2-1/2"]
[WhiteElo "2213"]
[BlackElo "2026"]
[PlyCount "115"]
[EventDate "2018.07.06"]

1. Nf3 Nf6 2. c4 e6 3. Nc3 d5 4. e3 Be7 5. Be2 O-O 6. O-O c5 7. cxd5 Nxd5 8. d3
Nc6 9. a3 Bf6 10. Ne4 b6 11. Qc2 Bb7 12. Rb1 Rc8 13. b3 Be7 14. Bd2 f6 15. Rfd1
e5 16. Bc3 Nd4 17. Qb2 Nxe2+ 18. Qxe2 Qe8 19. Be1 Ba6 20. Qb2 Qc6 21. Rbc1 Qe6
22. Nc3 Rfd8 23. Na2 Rd7 24. b4 cxb4 25. Rxc8+ Bxc8 26. Nxb4 a5 27. Nxd5 Rxd5
28. d4 e4 29. Nd2 Ba6 30. a4 Bd3 31. Nb1 Rg5 32. Nc3 Qh3 33. f3 exf3 34. Bg3
fxg2 35. Qb3+ Kf8 36. Qxb6 Rf5 37. Bf2 Qf3 38. Qb8+ Kf7 39. Qg3 Qxg3 40. hxg3
Bf1 41. g4 Rf3 42. Ne4 Be2 43. Rd2 Bf1 44. Ng3 Bd6 45. Nxf1 gxf1=Q+ 46. Kxf1
Bg3 47. Kg2 Rxf2+ 48. Rxf2 Bxf2 49. Kxf2 Ke6 50. e4 g6 51. Kf3 f5 52. g5 Kd6
53. Kf4 Ke6 54. Kf3 Kd6 55. Ke3 Kc6 56. Kf4 Kd7 57. exf5 gxf5 58. Kxf5 1/2-1/2

[Event "Paracin 2018"]
[Site "Paracin, Hotel Petrus"]
[Date "2018.07.10"]
[Round "6.54"]
[White "Winkelman, Albert"]
[Black "Danaci, Ege"]
[Result "1/2-1/2"]
[WhiteElo "2210"]
[BlackElo "1902"]
[PlyCount "84"]
[EventDate "2018.07.06"]

1. e4 c5 2. Nf3 d6 3. d4 cxd4 4. Nxd4 Nf6 5. Nc3 g6 6. Be3 Bg7 7. f3 a6 8. Qd2
h5 9. Bc4 Nbd7 10. O-O O-O 11. Kh1 Ne5 12. Bb3 Qc7 13. Qe2 b5 14. h3 Bb7 15.
Bf2 Rac8 16. f4 Nc4 17. f5 b4 18. Nd5 Nxd5 19. exd5 Bxd5 20. fxg6 fxg6 21. Ne6
Bxe6 22. Qxe6+ Kh7 23. Bh4 Nd2 24. Rxf8 Rxf8 25. Bxe7 Nxb3 26. axb3 Rf2 27. Bh4
Rxc2 28. Rf1 Qb7 29. Rf3 Rc1+ 30. Kh2 Qc6 31. Bf2 Qb5 32. Rf7 Qe5+ 33. Qxe5
dxe5 34. Ra7 Rc6 35. Rb7 Re6 36. Kg1 g5 37. Rxb4 e4 38. Bd4 Bxd4+ 39. Rxd4 Kg6
40. g4 hxg4 41. hxg4 Kf6 42. Kf2 a5 1/2-1/2

[Event "Paracin 2018"]
[Site "Paracin, Hotel Petrus"]
[Date "2018.07.10"]
[Round "6.55"]
[White "Toncheva, Nadya"]
[Black "Trifunovic, Miroljub"]
[Result "1-0"]
[WhiteElo "1975"]
[BlackElo "2198"]
[PlyCount "69"]
[EventDate "2018.07.06"]

1. e4 d6 2. d4 g6 3. c4 Bg7 4. Nc3 Nf6 5. Be2 O-O 6. Bg5 h6 7. Be3 e5 8. d5
Nbd7 9. Qd2 Kh7 10. g4 Nc5 11. f3 a5 12. h4 Ne8 13. O-O-O f5 14. exf5 gxf5 15.
g5 f4 16. Bxc5 dxc5 17. Bd3+ Kh8 18. Qg2 Ra6 19. Ne4 Qe7 20. Nh3 Bf5 21. Nhf2
h5 22. Rde1 a4 23. Rhg1 Rg6 24. Nc3 Qd7 25. Bxf5 Rxf5 26. Nfe4 b6 27. Qe2 a3
28. b3 Bf8 29. Nb5 c6 30. dxc6 Rxc6 31. Rd1 Qe6 32. Nxa3 Rf7 33. Nb5 Ng7 34.
Nf6 Qf5 35. Qd2 1-0

[Event "Paracin 2018"]
[Site "Paracin, Hotel Petrus"]
[Date "2018.07.10"]
[Round "6.56"]
[White "Uysal, Burak"]
[Black "Harshini, A."]
[Result "1-0"]
[WhiteElo "2185"]
[BlackElo "2037"]
[PlyCount "97"]
[EventDate "2018.07.06"]

1. e4 e5 2. Nf3 Nc6 3. Bb5 a6 4. Ba4 Nge7 5. O-O g6 6. c3 Bg7 7. d4 exd4 8.
cxd4 b5 9. Bb3 O-O 10. Nc3 d6 11. h3 h6 12. a4 b4 13. Nd5 a5 14. Ne3 Kh7 15. d5
Ne5 16. Nxe5 dxe5 17. Nc4 f5 18. f3 Ba6 19. Be3 Nc8 20. Rf2 Bxc4 21. Bxc4 Nd6
22. Bd3 Qh4 23. Qc2 Qg3 24. Re2 Rf7 25. Qd2 Qh4 26. Qe1 Qe7 27. Rc1 Qd7 28. b3
Raf8 29. Rc5 fxe4 30. fxe4 Nb7 31. Rc6 Nd8 32. Ra6 c6 33. Bc4 Rf6 34. Ra7 Qd6
35. Rxa5 R8f7 36. Rd2 Qb8 37. Rf2 Rxf2 38. Bxf2 Rf4 39. Ra7 Kh8 40. Kh1 Bf6 41.
Qe3 Bg5 42. Qb6 Qxb6 43. Bxb6 cxd5 44. Bxd5 h5 45. Bc7 Rf1+ 46. Kh2 Nf7 47.
Bxf7 Be3 48. Bxe5+ Kh7 49. Bc4+ 1-0

[Event "Paracin 2018"]
[Site "Paracin, Hotel Petrus"]
[Date "2018.07.10"]
[Round "6.57"]
[White "Becker, Marcel"]
[Black "Yerden, Huseyin Eren"]
[Result "1-0"]
[WhiteElo "2330"]
[BlackElo "2022"]
[PlyCount "129"]
[EventDate "2018.07.06"]

1. d4 Nf6 2. c4 e6 3. Nc3 Bb4 4. Qc2 O-O 5. Nf3 c5 6. dxc5 Na6 7. g3 Nxc5 8.
Bg2 Nce4 9. O-O Bxc3 10. bxc3 Qc7 11. Ba3 Rd8 12. Nd4 d5 13. cxd5 exd5 14. Nb5
Qa5 15. Be7 Re8 16. Bxf6 Nxf6 17. Qb2 Qb6 18. Qb4 Rxe2 19. Rae1 Rxe1 20. Rxe1
Be6 21. Nd4 Qxb4 22. cxb4 Rc8 23. Nxe6 fxe6 24. Bh3 Rc2 25. Bxe6+ Kf8 26. g4 h6
27. h4 d4 28. g5 hxg5 29. hxg5 Ne8 30. Rd1 Rc6 31. Bd5 Rg6 32. f4 Rd6 33. Bxb7
Rb6 34. Bd5 Rxb4 35. Kf2 Nc7 36. Bb3 Nb5 37. Rh1 Nd6 38. Rh8+ Ke7 39. Ra8 Rb7
40. Ke2 Rd7 41. Rg8 Nf5 42. Kd3 Rd6 43. Ke4 Ng3+ 44. Ke5 Nh5 45. Rh8 Ng3 46. f5
Rd8 47. f6+ gxf6+ 48. gxf6+ Kd7 49. Rxd8+ Kxd8 50. Kxd4 Ne2+ 51. Kc4 Nf4 52.
Kb5 Kc7 53. Ka6 Kb8 54. f7 Ng6 55. Bc2 Nf8 56. Bf5 Ka8 57. a4 Kb8 58. a5 Ka8
59. Kb5 Kb7 60. a6+ Kc7 61. Kc5 Kb8 62. Kd6 Ka8 63. Kc7 Ne6+ 64. Kc8 Nc5 65.
f8=Q 1-0

[Event "Paracin 2018"]
[Site "Paracin, Hotel Petrus"]
[Date "2018.07.10"]
[Round "6.59"]
[White "Vlassis, Georgios"]
[Black "Martic, Zlatko"]
[Result "1/2-1/2"]
[WhiteElo "2005"]
[BlackElo "2264"]
[PlyCount "79"]
[EventDate "2018.07.06"]

1. Nf3 Nf6 2. d4 c5 3. e3 g6 4. Be2 Bg7 5. O-O b6 6. c4 O-O 7. Nc3 cxd4 8. Nxd4
Bb7 9. Bf3 Qc8 10. b3 Nc6 11. Nxc6 Bxc6 12. Bb2 d6 13. Rc1 Re8 14. Bxc6 Qxc6
15. Nd5 Rad8 16. Qf3 Nxd5 17. cxd5 Qd7 18. Bxg7 Kxg7 19. Rc6 e6 20. Rfc1 exd5
21. Qxd5 Rc8 22. Qc4 d5 23. Qd4+ Kg8 24. R6c3 Rxc3 25. Qxc3 Qd6 26. h3 Re7 27.
Rd1 Re5 28. Qd4 Qe6 29. Qc3 h5 30. Qc7 a5 31. Qd8+ Kh7 32. Rc1 Rxe3 33. Rc8
Re1+ 34. Kh2 Qe5+ 35. g3 Re2 36. Qg8+ Kh6 37. Qxf7 h4 38. Qf8+ Kh7 39. Qf7+ Kh6
40. Qf8+ 1/2-1/2

[Event "Paracin 2018"]
[Site "Paracin, Hotel Petrus"]
[Date "2018.07.10"]
[Round "6.60"]
[White "Ongut, Tamas Gunes"]
[Black "Saksham, Rautela"]
[Result "1/2-1/2"]
[WhiteElo "2185"]
[BlackElo "2064"]
[PlyCount "150"]
[EventDate "2018.07.06"]

1. e4 e5 2. Nf3 Nc6 3. Bb5 g6 4. d4 exd4 5. Bg5 Be7 6. Bxe7 Qxe7 7. O-O Nf6 8.
Bxc6 dxc6 9. Qxd4 O-O 10. Nc3 Rd8 11. Qe3 Bg4 12. h3 Bxf3 13. Qxf3 Rd2 14. Rac1
Rad8 15. Qe3 Qe5 16. Qxa7 Nxe4 17. Qe3 f5 18. Rfe1 Qd4 19. Nxe4 fxe4 20. Qxd4
R8xd4 21. b3 Kf7 22. a4 Rb4 23. Red1 Rbd4 24. Rxd2 Rxd2 25. Re1 Rxc2 26. Rxe4
Rb2 27. b4 Ra2 28. a5 c5 29. Rc4 b6 30. axb6 cxb6 31. bxc5 bxc5 32. Rxc5 h5 33.
g3 Kf6 34. h4 Rd2 35. Kg2 Rd3 36. Rc4 Ra3 37. Rf4+ Kg7 38. Kf1 Ra2 39. Kg2 Ra3
40. Rf3 Ra5 41. Re3 Rf5 42. Kf1 Ra5 43. Ke2 Ra2+ 44. Kf3 Kf6 45. Rb3 Rc2 46.
Rb6+ Kf5 47. Kg2 Ra2 48. Rb8 Kf6 49. Rc8 Rb2 50. Rc3 Ra2 51. Rf3+ Kg7 52. Kh3
Ra1 53. Rf4 Ra3 54. f3 Rb3 55. g4 hxg4+ 56. Kxg4 Rb1 57. Ra4 Rb6 58. Ra2 Kf6
59. Rg2 Rb4+ 60. f4 Rc4 61. Ra2 Rc6 62. Ra5 Rb6 63. h5 gxh5+ 64. Rxh5 Kg7 65.
Rg5+ Kf7 66. Ra5 Kg7 67. Rg5+ Kf7 68. Ra5 Kg7 69. Ra1 Kf7 70. Kg5 Rg6+ 71. Kh5
Rg2 72. Ra6 Rg1 73. Ra5 Kf6 74. Rg5 Rh1+ 75. Kg4 Rg1+ 1/2-1/2

[Event "Paracin 2018"]
[Site "Paracin, Hotel Petrus"]
[Date "2018.07.10"]
[Round "6.61"]
[White "Lopuszanski, Kamil"]
[Black "Cirovic, Miroljub"]
[Result "1/2-1/2"]
[WhiteElo "1984"]
[BlackElo "2183"]
[PlyCount "152"]
[EventDate "2018.07.06"]

1. d4 Nf6 2. c4 e6 3. Nf3 Bb4+ 4. Nbd2 b6 5. a3 Bxd2+ 6. Bxd2 h6 7. g3 Bb7 8.
Bg2 O-O 9. O-O d6 10. Bc3 Ne4 11. Qc2 Nxc3 12. Qxc3 Nd7 13. Rad1 Qe7 14. Rfe1
Be4 15. Nd2 Bxg2 16. Kxg2 a5 17. e3 e5 18. e4 a4 19. Nf1 exd4 20. Qxd4 Qe5 21.
Ne3 Qxd4 22. Rxd4 Rfb8 23. Nd5 Rb7 24. Re2 Kf8 25. Kf1 Nc5 26. Rd1 Ne6 27. e5
dxe5 28. Rxe5 Ra5 29. f4 c6 30. Nb4 Rxe5 31. fxe5 c5 32. Nd5 b5 33. Nc3 b4 34.
Nb5 bxa3 35. bxa3 Nd4 36. Nxd4 cxd4 37. Rxd4 Rb3 38. c5 Rxa3 39. Kf2 Rc3 40.
Rxa4 Rxc5 41. Re4 Ke7 42. Ke3 Ke6 43. Kf4 g5+ 44. Kg4 Rxe5 45. Ra4 Kf6 46. h4
gxh4 47. Kxh4 Kg6 48. g4 Re1 49. Ra6+ f6 50. Ra5 Re5 51. Ra7 h5 52. gxh5+ Rxh5+
53. Kg4 Rh1 54. Ra6 Rb1 55. Ra5 f5+ 56. Kf3 Kg5 57. Ra4 Rb3+ 58. Kf2 Rb2+ 59.
Kf3 Rb5 60. Rc4 Rd5 61. Ra4 Rd3+ 62. Kf2 Rh3 63. Rb4 Rh4 64. Rxh4 Kxh4 65. Kf3
Kg5 66. Kg3 f4+ 67. Kf3 Kf5 68. Kf2 Kg4 69. Kg2 f3+ 70. Kf2 Kf4 71. Kf1 Kg3 72.
Kg1 Kg4 73. Kf2 Kf4 74. Kf1 Ke3 75. Ke1 f2+ 76. Kf1 Kf3 1/2-1/2

[Event "Paracin 2018"]
[Site "Paracin, Hotel Petrus"]
[Date "2018.07.10"]
[Round "6.62"]
[White "Cholleti, Sahajasri"]
[Black "Todorov, Kaloyan"]
[Result "1/2-1/2"]
[WhiteElo "2169"]
[BlackElo "1977"]
[PlyCount "47"]
[EventDate "2018.07.06"]

1. Nf3 Nf6 2. c4 e6 3. g3 b6 4. Bg2 Bb7 5. Nc3 Be7 6. O-O O-O 7. d4 Ne4 8. Bd2
Nxd2 9. Qxd2 d6 10. e4 Nd7 11. Rad1 a6 12. Qc2 Qc8 13. Rde1 c5 14. d5 e5 15.
Bh3 Qd8 16. a4 Bc8 17. Ra1 Rb8 18. Qe2 g6 19. Nd1 Kg7 20. Nd2 h5 21. f4 Rh8 22.
Kg2 h4 23. f5 Nf6 24. Ne3 1/2-1/2

[Event "Paracin 2018"]
[Site "Paracin, Hotel Petrus"]
[Date "2018.07.10"]
[Round "6.63"]
[White "Pajcin, Lav"]
[Black "Alivodic, Dario"]
[Result "1-0"]
[WhiteElo "2130"]
[BlackElo "1930"]
[PlyCount "65"]
[EventDate "2018.07.06"]

1. e4 e6 2. d4 d5 3. exd5 exd5 4. Bd3 c5 5. dxc5 Bxc5 6. Nf3 Nf6 7. O-O O-O 8.
h3 Qc7 9. Nbd2 Nc6 10. Nb3 Bb6 11. c3 Re8 12. Kh1 Ne4 13. Qc2 Bf5 14. Nbd4 Nxd4
15. Nxd4 Bxd4 16. cxd4 Nxf2+ 17. Qxf2 Bxd3 18. Re1 Rxe1+ 19. Qxe1 Be4 20. Qc3
Qd7 21. Bf4 Rc8 22. Qg3 Rc2 23. Rg1 h5 24. Be5 g6 25. Qe3 Kh7 26. Kh2 Qf5 27.
Qa3 f6 28. Qe7+ Kh6 29. Qf8+ Kg5 30. Bxf6+ Kf4 31. Qh6+ g5 32. Bxg5+ Qxg5 33.
Rf1+ 1-0

[Event "Paracin 2018"]
[Site "Paracin, Hotel Petrus"]
[Date "2018.07.10"]
[Round "6.64"]
[White "Caberoglu, Arda"]
[Black "Sultan, Ibrahim"]
[Result "0-1"]
[WhiteElo "1869"]
[BlackElo "2126"]
[PlyCount "70"]
[EventDate "2018.07.06"]

1. e4 e6 2. d4 d5 3. Nd2 Nf6 4. e5 Nfd7 5. Bd3 c5 6. c3 Nc6 7. Ngf3 cxd4 8.
cxd4 Qb6 9. O-O Nxd4 10. Nxd4 Qxd4 11. Nf3 Qb6 12. Qa4 Qb4 13. Qc2 h6 14. Be3
Nc5 15. Nd4 Nxd3 16. Qxd3 Bd7 17. Rac1 Be7 18. f4 g6 19. g4 Qxb2 20. Rf2 Qa3
21. Rc3 Qa6 22. Qc2 Bb4 23. Rc7 Ba5 24. Rxd7 Kxd7 25. f5 gxf5 26. gxf5 Rhg8+
27. Kh1 Qc4 28. fxe6+ fxe6 29. Qb1 Bb6 30. Rc2 Qa4 31. Qf1 Rgf8 32. Qd1 Qa6 33.
Re2 Bxd4 34. Bxd4 Rg8 35. Qe1 Qd3 0-1

[Event "Paracin 2018"]
[Site "Paracin, Hotel Petrus"]
[Date "2018.07.10"]
[Round "6.65"]
[White "Kolbert, Engelbert"]
[Black "Ayan, Bengu Sena"]
[Result "1/2-1/2"]
[WhiteElo "2124"]
[BlackElo "1787"]
[PlyCount "68"]
[EventDate "2018.07.06"]

1. e4 e6 2. d4 d5 3. Nc3 Nf6 4. Bg5 Be7 5. e5 Nfd7 6. h4 Nc6 7. Nf3 Nb6 8. a3
h6 9. Bf4 Na5 10. b3 Bd7 11. Bd3 a6 12. Qd2 c5 13. dxc5 Bxc5 14. b4 Nac4 15.
Qc1 Be7 16. Rh3 Qc7 17. Kf1 O-O-O 18. Kg1 Rdg8 19. h5 g5 20. hxg6 fxg6 21. Rxh6
g5 22. Rxh8 Rxh8 23. Bxg5 Nxe5 24. Bxe7 Nxf3+ 25. gxf3 Qxc3 26. Bd6 Qf6 27. Qe1
Rg8+ 28. Bg3 Nc4 29. Kg2 Bc6 30. Be2 d4 31. Qd1 Rh8 32. Bxc4 Qh6 33. Qh1 Qf6
34. Qd1 Qh6 1/2-1/2

[Event "Paracin 2018"]
[Site "Paracin, Hotel Petrus"]
[Date "2018.07.10"]
[Round "6.66"]
[White "Milanovic, Maja"]
[Black "Djukic, Sandra"]
[Result "0-1"]
[WhiteElo "1955"]
[BlackElo "2181"]
[PlyCount "120"]
[EventDate "2018.07.06"]

1. e4 e6 2. d4 d5 3. Nc3 Bb4 4. Nge2 Nf6 5. Bg5 dxe4 6. a3 Be7 7. Bxf6 gxf6 8.
Nxe4 f5 9. N4c3 a6 10. g3 c5 11. dxc5 Qxd1+ 12. Rxd1 Bxc5 13. Bg2 Nd7 14. O-O
Ra7 15. Rd2 b5 16. Rfd1 Rc7 17. Nf4 O-O 18. Nd3 Be7 19. Nb4 Nb6 20. Re2 Bf6 21.
Rd6 Bxc3 22. Rxb6 Bxb2 23. Nxa6 Rd7 24. Bc6 Rd1+ 25. Kg2 Bd4 26. Rb7 Bxb7 27.
Bxb7 Ra1 28. Bc6 Rxa3 29. Bxb5 Ra8 30. Nb4 Bc3 31. Nc6 Ra2 32. Bd3 Kg7 33. Ne5
Rd8 34. Kf3 Kf6 35. Bc4 Ra4 36. Bb3 Ra1 37. Nc4 Rh1 38. Kg2 Rdd1 39. f4 Rdg1+
40. Kh3 Be1 41. Rg2 Bc3 42. Re2 Re1 43. Rg2 Rhg1 44. Rf2 Re4 45. Nd2 Bxd2 46.
Rxd2 Re3 47. Rg2 Rxg2 48. Kxg2 Re2+ 49. Kh3 Ke7 50. Ba4 h6 51. c4 Kd6 52. Be8
f6 53. Bb5 Kc5 54. Ba6 Rc2 55. Bb5 Kd6 56. Ba6 Ra2 57. Bb5 e5 58. c5+ Kxc5 59.
Bd7 e4 60. Bxf5 e3 0-1

[Event "Paracin 2018"]
[Site "Paracin, Hotel Petrus"]
[Date "2018.07.10"]
[Round "6.67"]
[White "Bilic, Milanko"]
[Black "Baltic, Fatih"]
[Result "0-1"]
[WhiteElo "2066"]
[BlackElo "2157"]
[PlyCount "52"]
[EventDate "2018.07.06"]

1. e4 e5 2. Nf3 Nc6 3. Bb5 a6 4. Ba4 d6 5. O-O Bd7 6. c3 g6 7. d4 Bg7 8. d5
Nce7 9. Bxd7+ Qxd7 10. c4 h6 11. Nc3 f5 12. Ne1 Nf6 13. f3 O-O 14. Nd3 f4 15.
b4 g5 16. Qb3 Ng6 17. Ba3 g4 18. c5 gxf3 19. gxf3 Nh4 20. b5 Qh3 21. Ne1 Nh5
22. Qc2 Rf6 23. Rf2 Rg6+ 24. Ng2 Nxf3+ 25. Rxf3 Qxf3 26. Kh1 Qh3 0-1

[Event "Paracin 2018"]
[Site "Paracin, Hotel Petrus"]
[Date "2018.07.10"]
[Round "6.68"]
[White "Damjanovic, Vuk"]
[Black "Dezelin, Milan"]
[Result "1/2-1/2"]
[WhiteElo "1939"]
[BlackElo "2146"]
[PlyCount "40"]
[EventDate "2018.07.06"]

1. d4 Nf6 2. c4 e6 3. Nf3 Bb4+ 4. Bd2 c5 5. g3 Nc6 6. Bg2 Qb6 7. e3 Bxd2+ 8.
Qxd2 Ne4 9. Qc2 Qb4+ 10. Nc3 Nxc3 11. Qxc3 Qxc3+ 12. bxc3 d6 13. Nd2 Na5 14.
Rb1 Rb8 15. Bf1 b6 16. Bd3 Ke7 17. Ke2 Ba6 18. Rhc1 Rhc8 19. d5 exd5 20. cxd5
c4 1/2-1/2

[Event "Paracin 2018"]
[Site "Paracin, Hotel Petrus"]
[Date "2018.07.10"]
[Round "6.69"]
[White "Konstantinov, Aleksandar"]
[Black "Petrovic, Zoran Z"]
[Result "1/2-1/2"]
[WhiteElo "2133"]
[BlackElo "2025"]
[PlyCount "41"]
[EventDate "2018.07.06"]

1. d4 d5 2. c4 e6 3. Nc3 Bb4 4. a3 Bxc3+ 5. bxc3 c6 6. cxd5 cxd5 7. Nf3 Nf6 8.
e3 Qa5 9. Bd2 Ne4 10. c4 Nxd2 11. Qxd2 Qxd2+ 12. Kxd2 dxc4 13. Bxc4 Ke7 14. Ne5
f6 15. Nd3 b6 16. a4 Nc6 17. Rhc1 Na5 18. Ra3 Nxc4+ 19. Rxc4 Kd6 20. a5 Bd7 21.
Rb4 1/2-1/2

[Event "Paracin 2018"]
[Site "Paracin, Hotel Petrus"]
[Date "2018.07.10"]
[Round "6.70"]
[White "Zlatanovic, Zoran"]
[Black "Lea, Daniel J"]
[Result "1/2-1/2"]
[WhiteElo "2108"]
[BlackElo "1973"]
[PlyCount "94"]
[EventDate "2018.07.06"]

1. e4 e6 2. d3 d5 3. Nd2 Nf6 4. Ngf3 c5 5. g3 Nc6 6. Bg2 Qc7 7. O-O Be7 8. Re1
O-O 9. c3 b6 10. Qe2 dxe4 11. dxe4 e5 12. h3 a5 13. Nh4 Ba6 14. Qf3 Rfd8 15.
Nf1 Bxf1 16. Bxf1 g6 17. a4 Na7 18. Ng2 Nc8 19. g4 Nd6 20. g5 Nfxe4 21. Rxe4
Nxe4 22. Qxe4 Qd6 23. Be2 Ra7 24. Be3 f5 25. gxf6 Qxf6 26. Ne1 Qf5 27. Qc4+ Kg7
28. Bg4 Qf6 29. Nf3 h5 30. Ng5 hxg4 31. Ne6+ Kh8 32. Nxd8 Bxd8 33. hxg4 Rd7 34.
Kg2 Qc6+ 35. f3 Qd5 36. Rh1+ Kg7 37. Qxd5 Rxd5 38. Kf2 c4 39. Ke2 b5 40. axb5
Rxb5 41. Bc1 Be7 42. Rd1 Kf7 43. Rd7 Ke6 44. Rc7 Rc5 45. Rb7 Rd5 46. Be3 Rd7
47. Rb6+ Rd6 1/2-1/2

[Event "Paracin 2018"]
[Site "Paracin, Hotel Petrus"]
[Date "2018.07.10"]
[Round "6.71"]
[White "Vujcic, Milena"]
[Black "Mijatovic, Dusan"]
[Result "0-1"]
[WhiteElo "1911"]
[BlackElo "2071"]
[PlyCount "94"]
[EventDate "2018.07.06"]

1. e4 e6 2. d4 d5 3. e5 c5 4. c3 Nc6 5. Nf3 Bd7 6. a3 f6 7. exf6 Nxf6 8. Bd3
cxd4 9. cxd4 Bd6 10. O-O O-O 11. Re1 Qc7 12. Nc3 a6 13. Bg5 h6 14. Bh4 Nh5 15.
Ne5 Nf4 16. Nxc6 bxc6 17. Bg3 a5 18. Bb1 e5 19. dxe5 Bxe5 20. Bxf4 Bxf4 21. g3
Bd6 22. Qh5 Qb6 23. Re2 Be8 24. Bg6 Bxg6 25. Qxg6 Bc5 26. Rf1 Rf6 27. Re8+ Rxe8
28. Qxe8+ Kh7 29. Qe2 Bd4 30. Kg2 Qc5 31. Na4 Qb5 32. Qxb5 cxb5 33. Nc3 Bxc3
34. bxc3 Rc6 35. Rd1 Rc5 36. Rd3 Kg6 37. Kf3 Kf5 38. Ke3 Ke5 39. Kd2 Rc4 40.
Kc2 d4 41. Kb2 Rxc3 42. f4+ Ke4 43. Rd1 a4 44. Re1+ Kd3 45. Rd1+ Kc4 46. Re1
Rb3+ 47. Ka2 d3 0-1

[Event "Paracin 2018"]
[Site "Paracin, Hotel Petrus"]
[Date "2018.07.10"]
[Round "6.72"]
[White "Radovic, Stefan"]
[Black "Stojanovic, Sreten"]
[Result "1-0"]
[WhiteElo "2045"]
[BlackElo "2060"]
[PlyCount "54"]
[EventDate "2018.07.06"]

1. d4 d5 2. c4 c6 3. Nf3 Nf6 4. Nc3 dxc4 5. a4 b6 6. e4 Ba6 7. Ne5 e6 8. Bxc4
Bxc4 9. Nxc4 Bb4 10. O-O Bxc3 11. bxc3 Nxe4 12. Ba3 Qd5 13. Ne3 Qg5 14. f4 Qh6
15. Qd3 f5 16. Nc4 g5 17. Rae1 gxf4 18. Rxe4 fxe4 19. Qxe4 Rg8 20. Nd6+ Kd7 21.
Nf7 Qh5 22. Rxf4 Qd5 23. Qe2 b5 24. Ne5+ Kc8 25. Rf7 a5 26. Bc5 Ra6 27. axb5
cxb5 1-0

[Event "Paracin 2018"]
[Site "Paracin, Hotel Petrus"]
[Date "2018.07.10"]
[Round "6.73"]
[White "Molnar Gabor, Roland"]
[Black "Murgul, Nenad"]
[Result "1-0"]
[WhiteElo "2034"]
[BlackElo "1851"]
[PlyCount "129"]
[EventDate "2018.07.06"]

1. e4 c5 2. c3 e6 3. d4 d5 4. exd5 Qxd5 5. Nf3 Nc6 6. Be3 cxd4 7. cxd4 Nf6 8.
Nc3 Qd8 9. Be2 Be7 10. O-O O-O 11. a3 b6 12. b4 Nd5 13. Rc1 Nxe3 14. fxe3 Bf6
15. Ne4 Ne7 16. Nxf6+ gxf6 17. Bd3 Ng6 18. Be4 Ba6 19. Bxa8 Bxf1 20. Be4 Ba6
21. Qa4 Be2 22. Qc2 Ba6 23. Qc7 f5 24. Bb7 Be2 25. Qxd8 Rxd8 26. Kf2 Bxf3 27.
Bxf3 Rd7 28. h3 f4 29. exf4 Nxf4 30. Ke3 Ng6 31. a4 Kf8 32. a5 bxa5 33. bxa5
Nh4 34. Be4 f5 35. Rc8+ Kf7 36. Bc6 Re7 37. a6 Ng6 38. Ra8 Nf8 39. Bb7 Nd7 40.
Rxa7 Nb6 41. Ra8 Nxa8 42. Bxa8 Ra7 43. Bb7 Ke7 44. Kd3 Kd6 45. Kc4 f4 46. Kb5
Kc7 47. Kc5 h6 48. Kb5 Rxb7+ 49. axb7 Kxb7 50. Kc5 Kc7 51. d5 e5 52. d6+ Kd7
53. Kd5 e4 54. Kxe4 Kxd6 55. Kxf4 Ke6 56. Ke4 Kf6 57. Kd5 Kf5 58. g3 h5 59. Kd4
Ke6 60. Ke4 Kf6 61. Kf4 Kg6 62. Ke5 Kg5 63. h4+ Kg6 64. Ke6 Kh6 65. Kf6 1-0